Loading...
| LEADER | 005530000a22001930004500 | ||
|---|---|---|---|
| 020 | |a 81-85205-49-3 | ||
| 082 | |a 954 N04 | ||
| 100 | |a Bhagawan Singh; Ed | ||
| 100 | |a Chaudhary, R D; Ed | ||
| 245 | |a Studies in Indian history and culture | ||
| 260 | |a New Delhi, Ramanand Vidya Bhavan | ||
| 260 | |c 1990 | ||
| 465 | |a R 350 | ||
| 650 | |a Culture | ||
| 650 | |a History | ||
| 650 | |a India | ||
| 942 | |c BK | ||
| 999 | |c 8778 |d 8778 | ||
| 952 | |0 0 |1 0 |4 0 |6 954_000000000000000_N04 |7 0 |8 ENG |9 8572 |a MGUL |b MGUL |d 2013-07-16 |e R 350 |l 0 |o 954 N04 |p 10584 |r 2013-07-16 |w 2013-07-16 |y BK | ||